Statistics for Countries Closest to Timor-Leste - 30 Second Sprint

Click here to take the quiz!

General Stats

  • This quiz has been taken 18 times
  • The average score is 13 of 20

Answer Stats

kmcountrymiles% Correct
461Australia286
100%
1594Malaysia990
100%
0Indonesia0
94%
1538Philippines956
94%
3227Laos2005
88%
1813Brunei1127
81%
2988Cambodia1857
75%
2979Thailand1851
75%
2899Vietnam1802
75%
3433China2133
69%
2516Singapore1563
69%
3549Myanmar2205
63%
1506Papua New Guinea936
56%
1620Palau1006
50%
3796India2359
38%
2176Micronesia1352
38%
3624Japan2252
31%
3436Taiwan2135
31%
3109Solomon Islands1932
25%
4319Vanuatu2684
13%

Score Distribution

Percentile by Number Answered

Percent of People with Each Score

Your Score History

You have not taken this quiz